Understanding Nursing Research. (Record no. 2652)

MARC details
000 -LEADER
fixed length control field 00553nam a22002057a 4500
003 - CONTROL NUMBER IDENTIFIER
control field OSt
005 - DATE AND TIME OF LATEST TRANSACTION
control field 20151123131213.0
008 - FIXED-LENGTH DATA ELEMENTS--GENERAL INFORMATION
fixed length control field 151123b xxu||||| |||| 00| 0 eng d
020 ## - INTERNATIONAL STANDARD BOOK NUMBER
International Standard Book Number 0721600115
040 ## - CATALOGING SOURCE
Transcribing agency DLMN
082 ## - DEWEY DECIMAL CLASSIFICATION NUMBER
Classification number WY20.5 B93u2003.
100 ## - MAIN ENTRY--PERSONAL NAME
Personal name Burns ,Nancy;GroveK.Susan;
9 (RLIN) 6262
245 ## - TITLE STATEMENT
Title Understanding Nursing Research.
250 ## - EDITION STATEMENT
Edition statement 3rd ed
260 ## - PUBLICATION, DISTRIBUTION, ETC. (IMPRINT)
Place of publication, distribution, etc. Philadelphia;
Name of publisher, distributor, etc. Saunders,
Date of publication, distribution, etc. 2003.
300 ## - PHYSICAL DESCRIPTION
Extent xv,512p;
Other physical details col,ill:
Dimensions 23cm
504 ## - BIBLIOGRAPHY, ETC. NOTE
Bibliography, etc includes index and glossary<br/>
651 ## - SUBJECT ADDED ENTRY--GEOGRAPHIC NAME
Geographic name Nursing Research.
9 (RLIN) 6263
942 ## - ADDED ENTRY ELEMENTS (KOHA)
Source of classification or shelving scheme Other/Generic Classification Scheme
Koha item type Short Loan
Holdings
Withdrawn status Lost status Source of classification or shelving scheme Damaged status Not for loan Home library Current library Date acquired Source of acquisition Inventory number Total Checkouts Full call number Barcode Date last seen Price effective from Koha item type
    Other/Generic Classification Scheme     MUST Main Library MUST Main Library 23/11/2015   04/21280   WY20.5 B93u2003. 2015-2730 23/11/2015 23/11/2015 Short Loan